[Event "Titled Tuesday 2020.05.19"]
[Site "chess.com INT"]
[Date "2020.05.19"]
[Round "7"]
[White "Livaic, Leon"]
[Black "Golubka, Petro"]
[Result "0-1"]
[WhiteElo "2507"]
[BlackElo "2495"]
[WhiteFideId "-1"]
[BlackFideId "-1"]
[PlyCount "88"]
[GameId "2130307596934844"]
[EventDate "2020.05.19"]
[EventType "swiss"]
[EventRounds "10"]
[EventCountry "NET"]
[SourceTitle "10 Days #616"]
[Source "ChessMix"]
[SourceDate "2020.06.01"]
[SourceVersion "1"]
[SourceVersionDate "2020.06.01"]
[SourceQuality "1"]

1. d4 d5 2. c4 e6 3. Nc3 c5 4. cxd5 exd5 5. Nf3 Nc6 6. dxc5 d4 7. Na4 Bxc5 8. Nxc5 Qa5+ 9. Bd2 Qxc5 10. Rc1 Qb6 11. e3 Nf6 12. Bc4 O-O 13. O-O Bg4 14. Be2 Qxb2 15. Rb1 Qxa2 16. Rxb7 d3 17. Bxd3 Rad8 18. Bb1 Qd5 19. Rb2 Ne5 20. Ba2 Qe4 21. Rb4 Rxd2 22. Qxd2 Qxf3 23. Qd6 Qf5 24. Rb5 Nfd7 25. f4 Qc2 26. Bb3 Qe2 27. Rxe5 Nxe5 28. fxe5 Qxe3+ 29. Kh1 Qxb3 30. h3 Be6 31. Rf3 Qd5 32. Qc7 a5 33. Kh2 h6 34. Qe7 a4 35. Qc7 Qd4 36. Ra3 Qe4 37. Qc5 Bd5 38. Qf2 Qxe5+ 39. Kg1 Bb3 40. Qf1 Qe6 41. Ra1 g6 42. Re1 Qb6+ 43. Kh2 a3 44. Qf6 Qxf6 0-1

[Event "Titled Tuesday 2020.05.19"]
[Site "chess.com INT"]
[Date "2020.05.19"]
[Round "8"]
[White "Golubka, Petro"]
[Black "Smirin, Ilia"]
[Result "0-1"]
[WhiteElo "2495"]
[BlackElo "2612"]
[WhiteFideId "-1"]
[BlackFideId "-1"]
[PlyCount "133"]
[GameId "2130307596939099"]
[EventDate "2020.05.19"]
[EventType "swiss"]
[EventRounds "10"]
[EventCountry "NET"]
[SourceTitle "10 Days #616"]
[Source "ChessMix"]
[SourceDate "2020.06.01"]
[SourceVersion "1"]
[SourceVersionDate "2020.06.01"]
[SourceQuality "1"]

1. e4 c5 2. Nf3 e6 3. Nc3 a6 4. d4 cxd4 5. Nxd4 b5 6. Bd3 Qb6 7. Be3 Bc5 8. Be2 Nc6 9. Nxc6 dxc6 10. Bxc5 Qxc5 11. f4 e5 12. f5 Nf6 13. Qd3 a5 14. O-O-O O-O 15. g4 Ba6 16. g5 b4 17. Qg3 Nd5 18. Nxd5 Bxe2 19. Nf6+ Kh8 20. Nd7 Qc4 21. Nxf8 Bxd1 22. Rxd1 Rxf8 23. Qxe5 Qxa2 24. Rd7 Qa1+ 25. Kd2 Qg1 26. Qg3 Qc5 27. b3 Kg8 28. h4 Re8 29. Qe3 Qe5 30. h5 Qh2+ 31. Qe2 Qe5 32. Qd3 Qh2+ 33. Kc1 Qxh5 34. Qe3 Qg4 35. Kb2 h6 36. gxh6 Qxe4 37. Qxe4 Rxe4 38. hxg7 Kxg7 39. Rc7 Re5 40. Rxc6 Rxf5 41. c4 bxc3+ 42. Kxc3 Rb5 43. Ra6 f6 44. Kc4 Re5 45. Ra7+ Kg6 46. Ra8 Kf5 47. Rf8 Kg5 48. Kd4 Rb5 49. Kc4 Rb4+ 50. Kc3 f5 51. Ra8 Rb5 52. Kc4 Re5 53. Kd4 Re4+ 54. Kc3 Re5 55. Kd4 Kf4 56. Rh8 Rb5 57. Kc4 Rb4+ 58. Kc3 Kg3 59. Ra8 Rb5 60. Kc4 Re5 61. Kd4 Re4+ 62. Kc3 f4 63. Rxa5 f3 64. Ra1 f2 65. Rf1 Kg2 66. Rxf2+ Kxf2 67. Kd3 0-1

[Event "Titled Tuesday 2020.05.19"]
[Site "chess.com INT"]
[Date "2020.05.19"]
[Round "9"]
[White "Sakun, Volodymyr"]
[Black "Golubka, Petro"]
[Result "0-1"]
[WhiteElo "2385"]
[BlackElo "2495"]
[WhiteFideId "-1"]
[BlackFideId "-1"]
[PlyCount "88"]
[GameId "2130307596947548"]
[EventDate "2020.05.19"]
[EventType "swiss"]
[EventRounds "10"]
[EventCountry "NET"]
[SourceTitle "10 Days #616"]
[Source "ChessMix"]
[SourceDate "2020.06.01"]
[SourceVersion "1"]
[SourceVersionDate "2020.06.01"]
[SourceQuality "1"]

1. e4 c5 2. Nf3 d6 3. d4 cxd4 4. Qxd4 Nc6 5. Qe3 Bd7 6. Be2 e5 7. O-O Nf6 8. h3 Be7 9. Rd1 O-O 10. c4 Nb4 11. Qb3 a5 12. Nc3 Bc6 13. a3 Na6 14. Qc2 Nc5 15. Nd2 a4 16. Nd5 Rc8 17. Rb1 Bxd5 18. exd5 Nfd7 19. b3 axb3 20. Nxb3 Bg5 21. Nxc5 Nxc5 22. Bb2 f5 23. Bc3 e4 24. Bd4 Rf7 25. Rb5 Bf6 26. Be3 Be5 27. f4 exf3 28. Bxf3 Qf6 29. Qd2 h6 30. Rf1 Qh4 31. Bf2 Qxc4 32. Rb4 Qa6 33. Qa2 Nd3 34. Rb6 Qa5 35. Rb3 Nc1 36. Qb1 Nxb3 37. Qxb3 Rc3 38. Qb1 Qxa3 39. Qb6 Rxf3 40. gxf3 Qxf3 41. Qe3 Qxd5 42. Rb1 f4 43. Qa3 f3 44. Rc1 Qe6 0-1

[Event "Titled Tuesday 2020.05.19"]
[Site "chess.com INT"]
[Date "2020.05.19"]
[Round "10"]
[White "Morozevich, Alexander"]
[Black "Golubka, Petro"]
[Result "0-1"]
[WhiteElo "2659"]
[BlackElo "2495"]
[WhiteFideId "-1"]
[BlackFideId "-1"]
[PlyCount "84"]
[GameId "2130307596955881"]
[EventDate "2020.05.19"]
[EventType "swiss"]
[EventRounds "10"]
[EventCountry "NET"]
[SourceTitle "10 Days #616"]
[Source "ChessMix"]
[SourceDate "2020.06.01"]
[SourceVersion "1"]
[SourceVersionDate "2020.06.01"]
[SourceQuality "1"]

1. e4 c5 2. Nf3 d6 3. d4 cxd4 4. Nxd4 Nf6 5. Nc3 a6 6. Bg5 e6 7. Qf3 Nbd7 8. O-O-O Qc7 9. Kb1 h6 10. Bxf6 Nxf6 11. Qg3 b5 12. Bxb5+ axb5 13. Ndxb5 Qb8 14. Nxd6+ Bxd6 15. Qxd6 Qxd6 16. Rxd6 Ke7 17. Rb6 Rd8 18. Kc1 Nd7 19. Rb4 Ne5 20. f3 g5 21. Rd1 Bd7 22. b3 Rdc8 23. Kb2 h5 24. a4 h4 25. h3 Bc6 26. Ne2 Be8 27. Nd4 Rc7 28. Rd2 Bxa4 29. bxa4 Nc4+ 30. Kc1 Nxd2 31. Kxd2 Ra6 32. Nb5 Rd7+ 33. Kc1 Rd8 34. c4 Kf6 35. Kc2 Ke5 36. Nc3 Rd7 37. Ne2 Rda7 38. Rb5+ Kd6 39. Nc3 Ra5 40. e5+ Kc6 41. Kb3 Ra8 42. Kb4 R5a6 0-1

[Event "Titled Tuesday 2020.05.12"]
[Site "Chess.com INT"]
[Date "2020.05.12"]
[Round "3"]
[White "Silva, Kaua Marques"]
[Black "Golubka, Petro"]
[Result "1-0"]
[WhiteElo "2121"]
[BlackElo "2495"]
[WhiteFideId "-1"]
[BlackFideId "-1"]
[PlyCount "113"]
[GameId "1515683628429312"]
[EventDate "2020.05.12"]
[EventType "swiss (blitz)"]
[EventRounds "10"]
[EventCountry "NET"]
[SourceTitle "EXT 2021"]
[Source "ChessBase"]
[SourceDate "2020.10.23"]
[SourceVersion "1"]
[SourceVersionDate "2020.10.23"]
[SourceQuality "1"]

1. e4 c5 2. Nf3 d6 3. d4 cxd4 4. Nxd4 Nf6 5. Nc3 a6 6. Be2 e5 7. Nb3 Be7 8. O-O O-O 9. Re1 Be6 10. Bf3 Nbd7 11. a4 Rc8 12. a5 h6 13. Nd2 Rc5 14. Na4 Rc6 15. Nf1 Qxa5 16. Ne3 Qc7 17. b3 Nb6 18. Nxb6 Qxb6 19. c4 Rfc8 20. h3 Bf8 21. g4 Qc7 22. Re2 Be7 23. Rd2 Nh7 24. Ba3 Rd8 25. Bg2 b5 26. Bb4 bxc4 27. Ba5 Qb8 28. Bxd8 Qxd8 29. bxc4 Nf8 30. Qa4 Bd7 31. Qa5 Qc8 32. Bf1 Ne6 33. Nf5 Bf8 34. Rad1 Qb8 35. Qc3 Nf4 36. Qb2 Rb6 37. Qc1 g6 38. Ne3 Be6 39. Nd5 Bxd5 40. cxd5 Rb3 41. Kh2 Qd8 42. Qc4 Ra3 43. Qb4 Ra5 44. Rc2 Rc5 45. Rxc5 dxc5 46. Qc3 Bd6 47. Bxa6 c4 48. Bxc4 Qb6 49. Rd2 Kg7 50. Qb2 Qc5 51. Bf1 Qa5 52. Bg2 Bb4 53. Rc2 Bd6 54. Rc6 Qd8 55. Qb6 Qh4 56. Rxd6 Qxf2 57. Qxf2 1-0

[Event "Titled Tuesday 2020.05.12"]
[Site "Chess.com INT"]
[Date "2020.05.12"]
[Round "4"]
[White "Golubka, Petro"]
[Black "Estrada Nieto, Julian"]
[Result "1-0"]
[WhiteElo "2495"]
[BlackElo "2280"]
[WhiteFideId "-1"]
[BlackFideId "-1"]
[PlyCount "103"]
[GameId "1515683629170688"]
[EventDate "2020.05.12"]
[EventType "swiss (blitz)"]
[EventRounds "10"]
[EventCountry "NET"]
[SourceTitle "EXT 2021"]
[Source "ChessBase"]
[SourceDate "2020.10.23"]
[SourceVersion "1"]
[SourceVersionDate "2020.10.23"]
[SourceQuality "1"]

1. e4 e5 2. Nf3 Nc6 3. Bb5 a6 4. Ba4 Nf6 5. O-O Be7 6. Re1 b5 7. Bb3 d6 8. a4 b4 9. d3 O-O 10. Nbd2 Be6 11. Bxe6 fxe6 12. c3 Rb8 13. Nc4 Qe8 14. Be3 bxc3 15. bxc3 Ng4 16. h3 Nxe3 17. Rxe3 Bf6 18. Rb1 Qd7 19. Re2 Rxb1 20. Qxb1 d5 21. exd5 exd5 22. Ncxe5 Nxe5 23. Nxe5 Qxa4 24. d4 Qb5 25. Qxb5 axb5 26. Nd7 Ra8 27. Nxf6+ gxf6 28. Re6 Ra1+ 29. Kh2 Kf7 30. Rc6 Ra7 31. Rc5 Ke6 32. Rxb5 Ra3 33. Rc5 Kd6 34. g4 c6 35. h4 Ra2 36. Kg3 Re2 37. g5 fxg5 38. hxg5 Re1 39. f4 Rf1 40. Kg4 Rf2 41. Ra5 Rc2 42. Ra3 Rf2 43. Ra7 Rc2 44. Rxh7 Rxc3 45. f5 c5 46. f6 Ke6 47. Re7+ Kd6 48. dxc5+ Rxc5 49. Re1 Rc4+ 50. Kf5 d4 51. f7 Rc5+ 52. Kf6 1-0

[Event "Titled Tuesday 2020.05.12"]
[Site "chess.com INT"]
[Date "2020.05.12"]
[Round "2"]
[White "Golubka, Petro"]
[Black "Pesotskiy, Mikhail"]
[Result "1/2-1/2"]
[WhiteElo "2495"]
[BlackElo "2245"]
[WhiteFideId "-1"]
[BlackFideId "-1"]
[PlyCount "45"]
[GameId "2130307597207404"]
[EventDate "2020.05.12"]
[EventType "swiss"]
[EventRounds "10"]
[EventCountry "NET"]
[SourceTitle "10 Days #615"]
[Source "ChessMix"]
[SourceDate "2020.05.20"]
[SourceVersion "1"]
[SourceVersionDate "2020.05.20"]
[SourceQuality "1"]

1. e4 e6 2. e5 d6 3. exd6 Bxd6 4. d4 Nf6 5. Nf3 O-O 6. Nc3 c5 7. Bg5 Nc6 8. dxc5 Bxc5 9. Qxd8 Rxd8 10. Bd3 Nb4 11. Ke2 Nxd3 12. cxd3 b6 13. Rhd1 Bb7 14. Rac1 Rd7 15. Bxf6 gxf6 16. Ne4 Be7 17. a4 Rad8 18. g4 Ba6 19. Rc3 Bb7 20. Rcc1 Ba6 21. Rc3 Bb7 22. Rdc1 Ba6 23. Rd1 1/2-1/2

[Event "Titled Tuesday 2020.05.12"]
[Site "chess.com INT"]
[Date "2020.05.12"]
[Round "6"]
[White "Golubka, Petro"]
[Black "Gunduz, Umut Erdem"]
[Result "1-0"]
[WhiteElo "2495"]
[BlackElo "2137"]
[WhiteFideId "-1"]
[BlackFideId "-1"]
[PlyCount "65"]
[GameId "2130307597224195"]
[EventDate "2020.05.12"]
[EventType "swiss"]
[EventRounds "10"]
[EventCountry "NET"]
[SourceTitle "10 Days #615"]
[Source "ChessMix"]
[SourceDate "2020.05.20"]
[SourceVersion "1"]
[SourceVersionDate "2020.05.20"]
[SourceQuality "1"]

1. e4 e5 2. Nf3 Nc6 3. Bb5 a6 4. Ba4 Nf6 5. O-O Be7 6. Re1 b5 7. Bb3 O-O 8. a4 d5 9. exd5 Na5 10. Ba2 e4 11. Ng5 Bf5 12. Nc3 b4 13. Ncxe4 Nxd5 14. d4 h6 15. Nf3 b3 16. cxb3 Nb4 17. Bb1 Re8 18. Bd2 Bg4 19. h3 Be6 20. Re3 c6 21. Qe1 Rb8 22. Ra3 Bd5 23. Ne5 Bf8 24. Nc5 Bxc5 25. dxc5 Qg5 26. Nf3 Rxe3 27. Bxe3 Qf6 28. Nd4 Qe7 29. Bd2 Qxc5 30. Bc3 Qd6 31. Nf5 Qf4 32. Bxg7 Be6 33. Bxh6 1-0

[Event "Titled Tuesday 2020.05.12"]
[Site "chess.com INT"]
[Date "2020.05.12"]
[Round "7"]
[White "Golubka, Petro"]
[Black "Janaszak, Dawid"]
[Result "1/2-1/2"]
[WhiteElo "2495"]
[BlackElo "2356"]
[WhiteFideId "-1"]
[BlackFideId "-1"]
[PlyCount "149"]
[GameId "2130307597232491"]
[EventDate "2020.05.12"]
[EventType "swiss"]
[EventRounds "10"]
[EventCountry "NET"]
[SourceTitle "10 Days #615"]
[Source "ChessMix"]
[SourceDate "2020.05.20"]
[SourceVersion "1"]
[SourceVersionDate "2020.05.20"]
[SourceQuality "1"]

1. e4 c5 2. Nf3 e6 3. Nc3 a6 4. d4 cxd4 5. Nxd4 b5 6. Bd3 Bb7 7. O-O Ne7 8. Re1 Nbc6 9. Nxc6 Nxc6 10. Qg4 h5 11. Qg3 h4 12. Qg4 Ne5 13. Qe2 Bc5 14. Be3 Qb6 15. Bxc5 Qxc5 16. a3 O-O 17. Qe3 Qxe3 18. Rxe3 g5 19. Rf1 f6 20. f4 Ng6 21. Ne2 Kg7 22. c3 Rad8 23. Bc2 Rf7 24. Ref3 Rff8 25. R3f2 Ba8 26. Rd1 Bc6 27. Kf1 Ba8 28. Ke1 Bc6 29. b3 Ba8 30. Rd2 Bc6 31. Bd3 Ba8 32. Kd1 Rf7 33. Kc2 Rc8 34. Kb2 Rc7 35. Bc2 Bb7 36. g3 hxg3 37. hxg3 Rf8 38. Nd4 Rh8 39. f5 Nf8 40. fxe6 dxe6 41. b4 Rh3 42. Rg2 Kf7 43. Rde2 Ke7 44. Bb3 g4 45. Re1 Rd7 46. a4 bxa4 47. Bxa4 Rd6 48. Rd2 Ng6 49. Bb3 Ne5 50. Re3 Nf3 51. Nxf3 gxf3 52. Rxd6 Kxd6 53. Rxf3 Ke5 54. Bc2 Bxe4 55. Bxe4 Kxe4 56. Rxf6 Kd5 57. Rf3 e5 58. Kb3 e4 59. Rf5+ Ke6 60. Ra5 Rxg3 61. Rxa6+ Ke5 62. Ra8 Rg1 63. Re8+ Kf4 64. Kc4 e3 65. b5 Kf3 66. Kc5 Rb1 67. c4 e2 68. b6 e1=Q 69. Rxe1 Rxe1 70. b7 Rb1 71. Kc6 Ke4 72. c5 Kd4 73. Kc7 Kxc5 74. b8=Q Rxb8 75. Kxb8 1/2-1/2

[Event "Titled Tuesday 2020.05.12"]
[Site "chess.com INT"]
[Date "2020.05.12"]
[Round "9"]
[White "Golubka, Petro"]
[Black "Reprintsev, Alexander"]
[Result "1-0"]
[WhiteElo "2495"]
[BlackElo "2353"]
[WhiteFideId "-1"]
[BlackFideId "-1"]
[PlyCount "67"]
[GameId "2130307597240902"]
[EventDate "2020.05.12"]
[EventType "swiss"]
[EventRounds "10"]
[EventCountry "NET"]
[SourceTitle "10 Days #615"]
[Source "ChessMix"]
[SourceDate "2020.05.20"]
[SourceVersion "1"]
[SourceVersionDate "2020.05.20"]
[SourceQuality "1"]

1. e4 d5 2. exd5 Qxd5 3. Nc3 Qa5 4. Nf3 Nf6 5. Bc4 Nc6 6. h3 Ne5 7. Bb5+ c6 8. b4 Qc7 9. Nxe5 Qxe5+ 10. Be2 e6 11. a3 Bd6 12. Bb2 O-O 13. Rb1 Qf4 14. d3 a5 15. b5 a4 16. Qd2 Qh4 17. g3 Qd4 18. Nd1 Qd5 19. O-O e5 20. Ne3 Qe6 21. bxc6 Qxh3 22. Bf3 bxc6 23. Bxc6 Rb8 24. Bg2 Qh6 25. Qa5 Bb7 26. Bxb7 Rxb7 27. Bxe5 Rxb1 28. Rxb1 Bxa3 29. Qxa4 Bc5 30. d4 Be7 31. Rb7 Bd8 32. Rb8 Ne4 33. Qa8 Ng5 34. Rxd8 1-0

[Event "Titled Tuesday 2020.05.12"]
[Site "chess.com INT"]
[Date "2020.05.12"]
[Round "10"]
[White "Golubka, Petro"]
[Black "Hess, Robert L"]
[Result "0-1"]
[WhiteElo "2495"]
[BlackElo "2591"]
[WhiteFideId "-1"]
[BlackFideId "-1"]
[PlyCount "132"]
[GameId "2130307597245118"]
[EventDate "2020.05.12"]
[EventType "swiss"]
[EventRounds "10"]
[EventCountry "NET"]
[SourceTitle "10 Days #615"]
[Source "ChessMix"]
[SourceDate "2020.05.20"]
[SourceVersion "1"]
[SourceVersionDate "2020.05.20"]
[SourceQuality "1"]

1. e4 e6 2. d4 b6 3. a3 Bb7 4. Nc3 Nf6 5. Bd3 d5 6. e5 Ne4 7. Nge2 Nxc3 8. Nxc3 c5 9. Qg4 h5 10. Qg3 cxd4 11. Nb5 h4 12. Qf4 Nc6 13. Nxd4 Nxd4 14. Qxd4 Bc5 15. Qg4 Kf8 16. Bg5 Be7 17. Be3 d4 18. Bd2 h3 19. f3 hxg2 20. Qxg2 Qd5 21. Be4 Qxe5 22. O-O-O Bxe4 23. fxe4 Rc8 24. Kb1 Bf6 25. Bc1 Rh4 26. Rde1 b5 27. h3 a5 28. Bd2 d3 29. c3 b4 30. axb4 axb4 31. Rhf1 bxc3 32. Bxc3 Rxc3 33. bxc3 Qxc3 34. Qa2 Qb4+ 35. Kc1 Qc3+ 36. Kd1 Kg8 37. Rf3 Rh5 38. Qb1 Ra5 39. Rxd3 Qc4 40. e5 Ra1 41. Qxa1 Qxd3+ 42. Kc1 Bg5+ 43. Kb2 Qb5+ 44. Kc2 Qc5+ 45. Qc3 Qf2+ 46. Kb1 Qb6+ 47. Kc2 Qf2+ 48. Kd1 Qf5 49. Re2 Kh7 50. Qc2 g6 51. Qxf5 gxf5 52. Rg2 Bf4 53. Re2 Kg6 54. Kc2 Bg3 55. Kd3 Kg5 56. Kd4 Kh4 57. Rc2 Kxh3 58. Rc7 f6 59. Rh7+ Kg2 60. exf6 f4 61. f7 f3 62. f8=Q f2 63. Rf7 e5+ 64. Ke4 Kf1 65. Rf3 Ke2 66. Rxg3 f1=Q 0-1

[Event "Titled Tuesday 2020.05.05"]
[Site "Chess.com INT"]
[Date "2020.05.05"]
[Round "1"]
[White "Zhong, Xiao Kang"]
[Black "Golubka, Petro"]
[Result "1/2-1/2"]
[WhiteElo "2298"]
[BlackElo "2495"]
[WhiteFideId "-1"]
[BlackFideId "-1"]
[PlyCount "64"]
[GameId "1515683467210752"]
[EventDate "2020.05.05"]
[EventType "swiss (blitz)"]
[EventRounds "10"]
[EventCountry "NET"]
[SourceTitle "EXT 2021"]
[Source "ChessBase"]
[SourceDate "2020.10.23"]
[SourceVersion "1"]
[SourceVersionDate "2020.10.23"]
[SourceQuality "1"]

1. e4 e5 2. Nf3 Nc6 3. Bc4 Nf6 4. d3 Be7 5. O-O O-O 6. a4 a5 7. Nbd2 d6 8. Re1 Be6 9. c3 Qd7 10. Bxe6 fxe6 11. d4 exd4 12. cxd4 d5 13. e5 Ne8 14. Nf1 Nb4 15. Be3 b6 16. Rc1 Rc8 17. Ng5 c5 18. Qg4 Bxg5 19. Bxg5 Nd3 20. Rcd1 Nxf2 21. Qh4 Nxd1 22. Rxd1 Qxa4 23. Rd3 Qa1 24. Rf3 Rxf3 25. gxf3 Qxb2 26. Be3 cxd4 27. Bxd4 Qb4 28. Kh1 Rc1 29. Kg2 Rc2+ 30. Kh1 Rc1 31. Kg2 Rc2+ 32. Kh1 Rc1 1/2-1/2

[Event "Titled Tuesday 2020.05.05"]
[Site "Chess.com INT"]
[Date "2020.05.05"]
[Round "2"]
[White "Golubka, Petro"]
[Black "Li, William"]
[Result "1-0"]
[WhiteElo "2495"]
[BlackElo "2198"]
[WhiteFideId "-1"]
[BlackFideId "-1"]
[PlyCount "51"]
[GameId "1515683468767232"]
[EventDate "2020.05.05"]
[EventType "swiss (blitz)"]
[EventRounds "10"]
[EventCountry "NET"]
[SourceTitle "EXT 2021"]
[Source "ChessBase"]
[SourceDate "2020.10.23"]
[SourceVersion "1"]
[SourceVersionDate "2020.10.23"]
[SourceQuality "1"]

1. e4 c5 2. Nf3 d6 3. d4 cxd4 4. Qxd4 Nc6 5. Bb5 Bd7 6. Bxc6 bxc6 7. Nc3 e5 8. Qd3 h6 9. O-O Nf6 10. b3 Qc7 11. Ba3 Be6 12. Rfd1 Rd8 13. Nd2 d5 14. Bxf8 Rxf8 15. exd5 cxd5 16. Qb5+ Ke7 17. Qb4+ Qd6 18. Qa5 e4 19. Ndxe4 Nxe4 20. Nxe4 Qe5 21. Qxa7+ Rd7 22. Qc5+ Ke8 23. Nc3 Rc7 24. Qb5+ Bd7 25. Qb8+ Ke7 26. Nxd5+ 1-0

[Event "Titled Tuesday 2020.05.05"]
[Site "Chess.com INT"]
[Date "2020.05.05"]
[Round "3"]
[White "Golubka, Petro"]
[Black "Svidler, Peter"]
[Result "1/2-1/2"]
[WhiteElo "2495"]
[BlackElo "2723"]
[WhiteFideId "-1"]
[BlackFideId "-1"]
[PlyCount "91"]
[GameId "1514686396944384"]
[EventDate "2020.05.05"]
[EventType "swiss (blitz)"]
[EventRounds "10"]
[EventCountry "NET"]
[SourceTitle "CBM 196 Extra"]
[Source "ChessBase"]
[SourceDate "2020.07.31"]
[SourceVersion "1"]
[SourceVersionDate "2020.07.31"]
[SourceQuality "1"]

1. e4 c5 2. Nf3 e6 3. Nc3 a6 4. d4 cxd4 5. Nxd4 b5 6. Bd3 Qb6 7. Be3 Bc5 8. Be2 Nc6 9. Nxc6 dxc6 10. Bxc5 Qxc5 11. O-O e5 12. a4 Rb8 13. axb5 axb5 14. Qd2 Nf6 15. Rfd1 Be6 16. Qd6 Qxd6 17. Rxd6 Rc8 18. f3 Ke7 19. Rd2 Ra8 20. Rdd1 Nd7 21. b4 Nb6 22. Kf2 f6 23. Ke3 g5 24. g3 h5 25. f4 Bg4 26. fxe5 fxe5 27. Rf1 Bxe2 28. Kxe2 Nc4 29. h3 Ke6 30. Rfd1 h4 31. g4 Ke7 32. Rf1 Nd6 33. Ke3 Nf7 34. Ne2 Nd8 35. Ng1 Ne6 36. Nf3 Kf6 37. Rxa8 Rxa8 38. Nxh4+ Nf4 39. Nf5 Ra3+ 40. Kd2 Rxh3 41. Ra1 Rh2+ 42. Kc3 Ne2+ 43. Kd3 Nf4+ 44. Kc3 Ne2+ 45. Kd3 Nf4+ 46. Kc3 1/2-1/2

[Event "Titled Tuesday 2020.05.05"]
[Site "Chess.com INT"]
[Date "2020.05.05"]
[Round "4"]
[White "Gulkov, Igor A"]
[Black "Golubka, Petro"]
[Result "1/2-1/2"]
[WhiteElo "2358"]
[BlackElo "2495"]
[WhiteFideId "-1"]
[BlackFideId "-1"]
[PlyCount "64"]
[GameId "1514686397247488"]
[EventDate "2020.05.05"]
[EventType "swiss (blitz)"]
[EventRounds "10"]
[EventCountry "NET"]
[SourceTitle "CBM 196 Extra"]
[Source "ChessBase"]
[SourceDate "2020.07.31"]
[SourceVersion "1"]
[SourceVersionDate "2020.07.31"]
[SourceQuality "1"]

1. Nf3 Nf6 2. c4 g6 3. Nc3 Bg7 4. e4 O-O 5. d4 d6 6. Be2 c6 7. O-O d5 8. e5 Ne4 9. h3 Nxc3 10. bxc3 dxc4 11. Bxc4 b5 12. Bd3 Be6 13. a4 bxa4 14. Rxa4 c5 15. Be4 Bd5 16. Bxd5 Qxd5 17. c4 Qd7 18. d5 e6 19. Ra5 Rd8 20. Rxc5 Na6 21. Ra5 Nb4 22. d6 Nc6 23. Rc5 f6 24. exf6 Bxf6 25. Bf4 Rac8 26. Qa4 e5 27. Bg5 Qxd6 28. Rd5 Qe6 29. Rfd1 Nd4 30. Nxd4 exd4 31. Bxf6 Qxf6 32. Qxa7 Rxc4 1/2-1/2

[Event "Titled Tuesday 2020.05.05"]
[Site "Chess.com INT"]
[Date "2020.05.05"]
[Round "5"]
[White "Golubka, Petro"]
[Black "Bruedigam, Martin"]
[Result "1-0"]
[WhiteElo "2495"]
[BlackElo "2386"]
[WhiteFideId "-1"]
[BlackFideId "-1"]
[PlyCount "70"]
[GameId "1515683475103744"]
[EventDate "2020.05.05"]
[EventType "swiss (blitz)"]
[EventRounds "10"]
[EventCountry "NET"]
[SourceTitle "EXT 2021"]
[Source "ChessBase"]
[SourceDate "2020.10.23"]
[SourceVersion "1"]
[SourceVersionDate "2020.10.23"]
[SourceQuality "1"]

1. e4 c6 2. c4 d5 3. exd5 cxd5 4. cxd5 Nf6 5. Nc3 g6 6. Bb5+ Nbd7 7. d6 exd6 8. Qe2+ Qe7 9. d4 Qxe2+ 10. Ngxe2 a6 11. Ba4 Be7 12. Bh6 Ng4 13. Bf4 Ngf6 14. Bh6 Ng4 15. Bf4 Ngf6 16. O-O O-O 17. Rfe1 Re8 18. Ng3 b5 19. Bb3 Bb7 20. a4 b4 21. Nce4 Nxe4 22. Nxe4 Bxe4 23. Rxe4 Nf6 24. Ree1 Bf8 25. Kf1 Rxe1+ 26. Rxe1 Rc8 27. a5 d5 28. Be5 Be7 29. f3 Bd8 30. g4 Nd7 31. Bd6 Bxa5 32. Bxd5 Nf6 33. Bb3 Bb6 34. Rd1 Rd8 35. Be7 Rxd4 1-0

[Event "Titled Tuesday 2020.05.05"]
[Site "Chess.com INT"]
[Date "2020.05.05"]
[Round "6"]
[White "Bartel, Mateusz"]
[Black "Golubka, Petro"]
[Result "1-0"]
[WhiteElo "2648"]
[BlackElo "2495"]
[WhiteFideId "-1"]
[BlackFideId "-1"]
[PlyCount "59"]
[GameId "1514686398124032"]
[EventDate "2020.05.05"]
[EventType "swiss (blitz)"]
[EventRounds "10"]
[EventCountry "NET"]
[SourceTitle "CBM 196 Extra"]
[Source "ChessBase"]
[SourceDate "2020.07.31"]
[SourceVersion "1"]
[SourceVersionDate "2020.07.31"]
[SourceQuality "1"]

1. Nf3 Nf6 2. c4 g6 3. d4 Bg7 4. g3 O-O 5. Bg2 d5 6. cxd5 Nxd5 7. O-O Nb6 8. Nc3 Nc6 9. e3 a5 10. Qe2 a4 11. Rd1 h6 12. h3 Nb4 13. e4 Bd7 14. Be3 Qc8 15. Kh2 a3 16. b3 f5 17. Ne5 Kh7 18. h4 Ra5 19. f4 fxe4 20. h5 gxh5 21. Qxh5 N4d5 22. Nxd5 Nxd5 23. Bd2 Rb5 24. g4 Nf6 25. Qg6+ Kg8 26. Nxd7 Qxd7 27. f5 Qxd4 28. Bxh6 Qe5+ 29. Kh1 Rd5 30. Qxg7# 1-0

[Event "Titled Tuesday 2020.05.05"]
[Site "Chess.com INT"]
[Date "2020.05.05"]
[Round "7"]
[White "Golubka, Petro"]
[Black "Khomeriki, Nino"]
[Result "0-1"]
[WhiteElo "2495"]
[BlackElo "2319"]
[WhiteFideId "-1"]
[BlackFideId "-1"]
[PlyCount "130"]
[GameId "1514686398877696"]
[EventDate "2020.05.05"]
[EventType "swiss (blitz)"]
[EventRounds "10"]
[EventCountry "NET"]
[SourceTitle "CBM 196 Extra"]
[Source "ChessBase"]
[SourceDate "2020.07.31"]
[SourceVersion "1"]
[SourceVersionDate "2020.07.31"]
[SourceQuality "1"]

1. e4 e5 2. Nf3 Nc6 3. Bb5 a6 4. Ba4 Nf6 5. O-O Be7 6. d3 b5 7. Bb3 d6 8. a4 b4 9. Nbd2 O-O 10. Re1 Rb8 11. c3 Na5 12. Bc2 Be6 13. d4 b3 14. Bd3 exd4 15. cxd4 c5 16. Bxa6 Rb4 17. Nf1 Bg4 18. Be3 Nxe4 19. h3 Be6 20. Bd3 Nf6 21. Bd2 Rb8 22. Rxe6 fxe6 23. Qe1 Nc6 24. Qxe6+ Kh8 25. a5 Qd7 26. Qe2 d5 27. Ne5 Nxe5 28. dxe5 Ne4 29. Bxe4 dxe4 30. Qxe4 Qd4 31. Qxd4 cxd4 32. Ng3 Bb4 33. Bxb4 Rxb4 34. a6 Kg8 35. e6 Ra8 36. Nf5 d3 37. Kf1 Rb6 38. e7 Kf7 39. a7 g6 40. Ne3 Rb7 41. Ke1 Rxe7 42. Ra3 Rexa7 43. Rxb3 Rd7 44. Kd2 Rc8 45. Rxd3 Rb7 46. Nd1 Rcb8 47. h4 h5 48. g3 Kf6 49. Ke3 Rb5 50. Kf3 Rb3 51. Re3 Rxe3+ 52. Kxe3 Kf5 53. Kf3 Rb3+ 54. Ke2 Ke4 55. f3+ Kf5 56. Ne3+ Ke5 57. Nd1 Kf6 58. Kf2 Ke5 59. Ke2 Kd4 60. Kf2 Kd3 61. g4 Kc2 62. Ne3+ Kxb2 63. Nd5 Rd3 64. Nf4 Rd4 65. Ke3 Rb4 0-1